| 000 | 00466pab a2200169 454500 | ||
|---|---|---|---|
| 008 | 180718b2017 xxu||||| |||| 00| 0 eng d | ||
| 100 | _aSahi, Gurjeet Kaur | ||
| 245 | _aPredicting customers recommendation from co-creation of value, customization and relational value | ||
| 260 | _c2017 | ||
| 300 | _ap.19-35. | ||
| 362 | _aJan-Mar | ||
| 650 | _aConsumers | ||
| 700 | _aSharma, Rita | ||
| 700 | _aSehgal, Sanjeewani | ||
| 773 | _aVikalpa | ||
| 909 | _a114609 | ||
| 999 |
_c114603 _d114603 |
||